000 00492nam a22001697a 4500
005 20231106123401.0
008 231106b |||||||| |||| 00| 0 eng d
020 _a0702110949
041 _aEnglish
082 _a346.47 SCO
100 _aScott, S
_lEnglish
245 _aThe Law of Cession /
_cS Scott
260 _aCape Town :
_bJuta and Company Ltd,
_c1980
300 _bxxiv, 154 pages ;
_c25,5 cm.
650 _aLegal practice
_bLaw
942 _cBK
_6ALISON_BN_VRIES
999 _c320
_d320